000 00624nam a2200229 a 4500
001 45409
003 BD-RjUL
005 20211209054016.0
008 160726s2005 ii ||||| b||| 001 0 eng d
020 _a8126122226
035 _a(BD-RjUL)45527
040 _aBD-RjUL
_beng
_cBD-RjUL
041 _aeng
082 _223
_a297
_bSII 2005
100 _aSiddiqi, Rais.
_9139037
245 _aIslam, Faith, State and Law /
_cRais Siddiqi.
260 _aNew Delhi :
_bAnmol publications,
_c2005.
300 _aviii, 448 p. ;
_c21 cm.
504 _aIncludes bibliography and index.
650 _aIslam
_9139038
942 _2ddc
_cBK
999 _c45409
_d45409